000
00313 a2200157 4500
001
68066
020
_a
9783126071208
040
_c
Anchieta - Pituba
100
_a
Fleer, Sarah
240
1
0
_a
Klasse! A1
_l
245
1
0
_a
Klasse! A1
300
_a
144
362
0
_a
2018
650
4
_a
Língua alemã
942
_c
BK
999
_c
68066
_d
68066